Efektívne riadenie projektového tímu

Efektívne nástroje na zadelenie si zodpovednosti v rámci tímu. RACI matica, rovná sa zodpovednosť za všetky funkcie (aktivity, úlohy, rozhodnutia), ktoré musia byť uskutočnené pre efektívne fungovanie projektového tímu.

Gespeichert in:
Bibliographische Detailangaben
1. Verfasser: Minárik, Peter
Format: Buchkapitel
Sprache:Slowakisch
Schlagworte:
Tags: Tag hinzufügen
Keine Tags, Fügen Sie das erste Tag hinzu!

MARC

LEADER 00000naa a2200000 4500
001 0200352
005 20230912114146.1
041 0 |a slo 
044 |a SK 
245 1 0 |a Efektívne riadenie projektového tímu  |c Peter Minárik 
520 |a Efektívne nástroje na zadelenie si zodpovednosti v rámci tímu. RACI matica, rovná sa zodpovednosť za všetky funkcie (aktivity, úlohy, rozhodnutia), ktoré musia byť uskutočnené pre efektívne fungovanie projektového tímu. 
610 2 0 |a manažment 
610 2 0 |a manažéri 
610 2 0 |a riadenie projektové 
610 2 0 |a tímy pracovné 
610 2 0 |a vedenie ľudí 
610 2 0 |a projekty 
610 2 0 |a komunikácia manažérska 
100 1 |a Minárik, Peter